000 00972nam a2200265Ia 4500
003 OSt
005 20221005105034.0
006 a|||||r|||| 00| 0
007 ta
008 221004b |||||||| |||| 00| 0 hin d
020 _c50
024 _a97622
037 _b1330, 02/03/2009, Pioneer Books Distributors
_cTextual
040 _aCRL
_cCRL
_bhin
041 _2hin
_ahin
082 _aY49(J).2'N00<-M50, 152P8
100 _aनटराजन, एल.
245 0 _aभारत के किसान विद्रोह
_b 1850 - 1900
246 _aBhārat ke kisān vidroha: 1850 - 1900
260 _aदिल्ली
_bस्वर्ण जयंती भारत
_c2008
300 _a103पृ0
_ccm.
650 _aभारतीय-लोक साहित्य
942 _hY49(J).2'N00<-M50, 152P8
_cTEXL
_2cc
999 _c1014548
_d1014548